| 000 | 00669cab a2200229 4500 | ||
|---|---|---|---|
| 001 | ABS52210 | ||
| 008 | 090401t1995 xxu||||| |||| 00| 0 eng d | ||
| 035 | _a(Sirsi) u65916 | ||
| 041 | _aeng | ||
| 100 | _aDeeble-Rogers, R. | ||
| 245 | _aCovent Garden - an historical perspective | ||
| 260 | _c1995 | ||
| 350 | _a0 | ||
| 490 |
_aEstates Gazette _v(9502) 14 January 1995, 127-129(3) |
||
| 520 | _aOutlines the redevelopment of Covent Garden twenty years after the fruit and vegetable market moved out. | ||
| 650 | _aCOVENT GARDEN | ||
| 650 | _aURBAN REGENERATION | ||
| 690 | _aCONSERVATION | ||
| 690 | _aURBAN RENEWAL | ||
| 942 | _n0 | ||
| 948 | _c04/03/1997 | ||
| 999 |
_c41171 _d41171 |
||